| 000 | 00744cam a2200193 4500 | ||
|---|---|---|---|
| 001 | WB3615-05 | ||
| 008 | 000000n2000 000 0 eng u | ||
| 035 | _a(Sirsi) u105330 | ||
| 245 | _aMore industrial land needed | ||
| 260 | _c2000 | ||
| 490 |
_aIrish Times _v 12 April 2000, 4(1) |
||
| 520 | _aDue to shortage of prime development land in Northern Ireland there are calls for major rezoning and for government to release lands held by the Industrial Development Board. Looks at purchase prices of various development sites. | ||
| 590 | _aWB | ||
| 650 | _aINDUSTRIAL MARKET | ||
| 650 | _aNORTHERN IRELAND | ||
| 650 | _aINDUSTRIAL DEVELOPMENT BOARD | ||
| 690 | _aPROPERTY-COMMERCIAL PROPERTY-COMMERCIAL PROPERTY MARKET | ||
| 942 | _n0 | ||
| 999 |
_c63150 _d63150 |
||